| 000 | 00697nam a22002657a 4500 | ||
|---|---|---|---|
| 003 | UA-OsUOA | ||
| 001 | 20638 | ||
| 007 | ta | ||
| 008 | 20031102b un ||||| |||| 00| 0 ukr d | ||
| 100 | _aРубакин А. | ||
| 090 |
_a025.32(47+57):929 _bР82 |
||
| 942 | _cBK | ||
| 040 |
_aUA-OsUOA _brus _cUA-OsUOA _dUA-OsUOA |
||
| 245 |
_aРубакин _bЛюцман книжного моря |
||
| 300 |
_a204 с. _bІлюстрації |
||
| 955 | _a0 | ||
| 041 | _arus | ||
| 080 | _a025.32(47+57):929 | ||
| 260 |
_aМосква _bМолодая гвардия _c1979 |
||
| 246 | 3 | 1 |
_aВып. 8 (442) _n |
| 044 | _aRU | ||
| 250 | _n2-е изд., доп. | ||
| 650 | 7 | _2UDC | |
| 999 |
_c306818 _d306818 |
||